Flower of gold (Record no. 29073)

MARC details
000 -LEADER
fixed length control field 00249nam a2200109Ia 4500
082 ## - DEWEY DECIMAL CLASSIFICATION NUMBER
Classification number 82-3
Item number AKI
100 ## - MAIN ENTRY--AUTHOR NAME
Personal name Akilon
245 #0 - TITLE STATEMENT
Title Flower of gold
260 ## - PUBLICATION, DISTRIBUTION, ETC. (IMPRINT)
Place of publication New Delhi
Name of publisher Sterling
Year of publication 1978
942 ## - ADDED ENTRY ELEMENTS (KOHA)
Koha item type Books
Holdings
Withdrawn status Lost status Damaged status Not for loan Home library Current library Date acquired Cost, normal purchase price Full call number Accession Number Koha item type
        RRII Library RRII Library 16/12/2021 5.00 82-3 AKI 09663 Books